Countries Controlled by the Greek Empire. - Statistics

General Stats
  • This quiz has been taken 468 times
    431 since last reset
  • The average score is 12 of 16
Answer Stats
Answer % Correct
Turkey
94%
Greece
89%
Egypt
86%
Iran
80%
Cyprus
78%
Iraq
78%
Israel
78%
Syria
76%
Lebanon
73%
Georgia
71%
Armenia
70%
Jordan
70%
Azerbaijan
66%
Afghanistan
60%
Kuwait
58%
Turkmenistan
47%
No matching quizzes found
Score Distribution
Percent of People with Each Score
Percentile by Number Answered
Your Score History
You have not taken this quiz since the last reset